[Event "London Chess Classic: Blitz C"]
[Site "London"]
[Date "2019.12.08"]
[Round "6"]
[White "Stamatopoulos, Apostolos"]
[Black "Ignatovic, Ernest"]
[Result "1-0"]
[WhiteElo "1923"]
[BlackElo "1700"]
[PlyCount "47"]
[EventDate "2019.12.08"]
[EventType "swiss (blitz)"]
[EventRounds "11"]
[EventCountry "ENG"]
[SourceTitle "EXT 2021"]
[Source "ChessBase"]
[SourceDate "2020.10.23"]
[SourceVersion "1"]
[SourceVersionDate "2020.10.23"]
[SourceQuality "1"]

1. d4 Nf6 2. Nf3 d6 3. c4 g6 4. Nc3 Bg7 5. h3 0-0 6. Bf4 Nbd7 7. e3 b6 8. Be2 Bb7 9. 0-0 Qe8 10. Qc2 e5 11. Bh2 e4 12. Nd2 a5 13. a3 Qe7 14. b4 axb4 15. axb4 Rxa1 16. Rxa1 Ra8 17. Rxa8+ Bxa8 18. d5 Ne8 19. Ndxe4 f5 20. Nd2 Ne5 21. Nb5 Nf6 22. Nd4 Bb7 23. Ne6 Bh8 24. Qc3 1-0

[Event "London Classic rapid op 11th"]
[Site "London"]
[Date "2019.12.07"]
[Round "3"]
[White "Ignatovic, Ernest"]
[Black "Ortiz Sanchez, Luis"]
[Result "1/2-1/2"]
[WhiteElo "1775"]
[BlackElo "1885"]
[PlyCount "147"]
[EventDate "2019.12.07"]
[EventType "swiss (rapid)"]
[EventRounds "7"]
[EventCountry "ENG"]
[SourceTitle "CBM 195 Extra"]
[Source "ChessBase"]
[SourceDate "2020.05.31"]
[SourceVersion "1"]
[SourceVersionDate "2020.05.31"]
[SourceQuality "1"]

1. b3 e5 2. Bb2 Nc6 3. e3 Nf6 4. Bb5 Bd6 5. Ne2 0-0 6. 0-0 a6 7. Bxc6 dxc6 8. d3 Re8 9. e4 a5 10. a4 Nh5 11. Nd2 Qg5 12. Nc4 Bg4 13. Ne3 Nf4 14. Nxg4 Qxg4 15. Nxf4 Qxf4 16. g3 Qh6 17. Bc1 Qh3 18. f4 Bc5+ 19. Kh1 Bd4 20. Rb1 Rad8 21. Qf3 Rd7 22. fxe5 Rxe5 23. Bb2 Bxb2 24. Rxb2 Re6 25. Rbb1 c5 26. Rf2 b6 27. Qe3 Qh5 28. Rbf1 Qg6 29. Qd2 h6 30. Qc3 Rde7 31. Qc4 Kh7 32. Kg2 Rd7 33. Rf5 Rde7 34. Rd5 Qg4 35. Rf2 h5 36. Rdf5 f6 37. Qd5 Re5 38. Rxe5 Rxe5 39. Qf7 h4 40. Qxc7 h3+ 41. Kg1 Qd1+ 42. Rf1 Qxc2 43. Rf2 Qxd3 44. Qc8 Qb1+ 45. Rf1 Qxe4 46. Qxh3+ Kg8 47. Qc8+ Re8 48. Qc7 Qe3+ 49. Kg2 Qxb3 50. Qd7 Re2+ 51. Kh3 Qe6+ 52. Qxe6+ Rxe6 53. Rb1 Kf7 54. Kg4 g6 55. Kf4 Ke7 56. g4 Kd6 57. h4 Kc6 58. h5 gxh5 59. gxh5 c4 60. h6 Kc5 61. Kf5 Re2 62. Kxf6 c3 63. h7 Rh2 64. Kg7 c2 65. Rc1 Kb4 66. h8Q Rxh8 67. Kxh8 Kxa4 68. Rxc2 Kb3 69. Rh2 a4 70. Rh3+ Kc2 71. Rh2+ Kc3 72. Rh3+ Kc2 73. Rh2+ Kc3 74. Rh3+ 1/2-1/2

[Event "London Classic op 8th"]
[Site "London"]
[Date "2016.12.15"]
[Round "8"]
[White "Ignatovic, Ernest"]
[Black "Cannon, Raymond Charles"]
[Result "0-1"]
[WhiteElo "1630"]
[BlackElo "1942"]
[PlyCount "66"]
[EventDate "2016.12.09"]
[EventType "swiss"]
[EventRounds "9"]
[EventCountry "ENG"]
[SourceTitle "CBM 176 Extra"]
[Source "ChessBase"]
[SourceDate "2017.03.02"]
[SourceVersion "1"]
[SourceVersionDate "2017.03.02"]
[SourceQuality "1"]

1. d4 Nf6 2. g3 c5 3. d5 e6 4. c4 exd5 5. cxd5 d6 6. Bg2 g6 7. Nf3 Bg7 8. 0-0 0-0 9. Nc3 a6 10. a4 Re8 11. Nd2 Nbd7 12. f4 Ng4 13. Nde4 Bd4+ 14. Kh1 Ndf6 15. h3 Nxe4 16. Nxe4 Ne3 17. Bxe3 Bxe3 18. Kh2 Bd4 19. Nc3 Re3 20. Rf3 Qe7 21. Ra3 Bd7 22. Rxe3 Bxe3 23. Qb3 Rb8 24. Ne4 Bd4 25. Qb6 Bf5 26. Qxd6 Qe8 27. Re3 Kg7 28. Ra3 Bxe4 29. Bxe4 Qxe4 30. h4 Qxe2+ 31. Kh3 Qf1+ 32. Kg4 f5+ 33. Kg5 h6# 0-1

[Event "London Classic op 8th"]
[Site "London"]
[Date "2016.12.14"]
[Round "7"]
[White "Mohnblatt, Daniel"]
[Black "Ignatovic, Ernest"]
[Result "0-1"]
[WhiteElo "1769"]
[BlackElo "1630"]
[PlyCount "124"]
[EventDate "2016.12.09"]
[EventType "swiss"]
[EventRounds "9"]
[EventCountry "ENG"]
[SourceTitle "CBM 176 Extra"]
[Source "ChessBase"]
[SourceDate "2017.03.02"]
[SourceVersion "1"]
[SourceVersionDate "2017.03.02"]
[SourceQuality "1"]

1. d4 Nf6 2. Nf3 d6 3. c4 g6 4. e3 Bg7 5. Be2 0-0 6. Nc3 c6 7. 0-0 Nbd7 8. Qc2 e5 9. dxe5 dxe5 10. b4 Qc7 11. Bb2 Re8 12. Rfd1 a5 13. a3 axb4 14. axb4 Rxa1 15. Bxa1 Nb6 16. Na4 Bf5 17. Qb3 Nfd7 18. Nxb6 Nxb6 19. c5 Nd5 20. Bc4 Be6 21. Ng5 Qc8 22. Nxe6 fxe6 23. e4 Nf4 24. g3 Nh3+ 25. Kg2 Ng5 26. f3 Rf8 27. Rd3 Rd8 28. h4 Rxd3 29. Qxd3 Nf7 30. Bc3 Qd8 31. Qxd8+ Nxd8 32. Kf2 Kf7 33. Ke2 Bf6 34. Kd3 Ke7 35. Kc2 Nf7 36. Kb3 h5 37. Ka4 Kd7 38. b5 Be7 39. Bb4 g5 40. hxg5 Nxg5 41. Be2 Nh3 42. b6 Nf2 43. Kb3 Nh1 44. g4 Ng3 45. Bd3 h4 46. Be1 Bxc5 47. g5 Ke7 48. Ba6 Bxb6 49. Bxb7 Be3 50. Bxc6 Bxg5 51. Bb5 Bf4 52. Bxg3 Bxg3 53. Bf1 Kf6 54. Kc3 Kg5 55. Kd3 Bf2 56. Ke2 Bc5 57. Bh3 Kf4 58. Bxe6 Kg3 59. Bf5 h3 60. Bxh3 Kxh3 61. f4 exf4 62. Kf3 Bd6 0-1

[Event "London Classic op 8th"]
[Site "London"]
[Date "2016.12.12"]
[Round "5"]
[White "Longson, Sarah N"]
[Black "Ignatovic, Ernest"]
[Result "1-0"]
[WhiteElo "2040"]
[BlackElo "1630"]
[PlyCount "85"]
[EventDate "2016.12.09"]
[EventType "swiss"]
[EventRounds "9"]
[EventCountry "ENG"]
[SourceTitle "CBM 176 Extra"]
[Source "ChessBase"]
[SourceDate "2017.03.02"]
[SourceVersion "1"]
[SourceVersionDate "2017.03.02"]
[SourceQuality "1"]

1. e4 e6 2. d4 d5 3. Nd2 Nf6 4. Bd3 c5 5. c3 Nc6 6. Ngf3 Qb6 7. exd5 exd5 8. Qe2+ Be7 9. dxc5 Qxc5 10. Nb3 Qd6 11. Nbd4 0-0 12. 0-0 Bg4 13. Nf5 Qe6 14. Nxe7+ Nxe7 15. h3 Bf5 16. Qxe6 fxe6 17. Bb5 a6 18. Ba4 b5 19. Bb3 Nc6 20. Re1 Rfe8 21. Bf4 Ne4 22. Nh4 g5 23. Bxg5 Nxg5 24. Nxf5 Na5 25. Nd4 Nxb3 26. axb3 Ne4 27. f3 Nc5 28. Re3 e5 29. Rae1 e4 30. R1e2 Nd3 31. fxe4 dxe4 32. Nf5 Nf4 33. Rf2 Nd3 34. Rg3+ Kf7 35. Rf1 Ke6 36. Ng7+ Kd5 37. Nxe8 Rxe8 38. Rd1 Ke5 39. Rgxd3 exd3 40. Re1+ Kf4 41. Rxe8 d2 42. Rd8 Ke3 43. Kf1 1-0

[Event "Klaipeda Sea op 08th"]
[Site "Klaipeda"]
[Date "2011.07.26"]
[Round "3"]
[White "Ignatovic, Ernest"]
[Black "Zebelis, Rimantas"]
[Result "0-1"]
[WhiteElo "1592"]
[BlackElo "1888"]
[PlyCount "50"]
[EventDate "2011.07.25"]
[EventType "swiss"]
[EventRounds "9"]
[EventCountry "LTU"]
[SourceTitle "EXT 2012"]
[Source "ChessBase"]
[SourceDate "2011.11.24"]
[SourceVersion "1"]
[SourceVersionDate "2011.11.24"]
[SourceQuality "1"]

1. Nf3 Nf6 2. c4 c6 3. d4 d5 4. e3 e6 5. Nc3 Nbd7 6. Bd3 Bd6 7. 0-0 0-0 8. Re1 Re8 9. e4 dxe4 10. Nxe4 Nxe4 11. Bxe4 Qc7 12. g3 Nf8 13. c5 Be7 14. Bf4 Qd8 15. h4 Ng6 16. Ne5 Nxf4 17. gxf4 f5 18. Qh5 Rf8 19. Bc2 Bxh4 20. Re3 Bf6 21. Rh3 h6 22. Rg3 Qxd4 23. Qxh6 Bxe5 24. fxe5 Qxe5 25. Bb3 Qxg3+ 0-1

[Event "Plunge op 31st"]
[Site "Plunge"]
[Date "2011.07.23"]
[Round "7"]
[White "Ignatovic, Ernest"]
[Black "Kolozinskas, Mantas"]
[Result "1-0"]
[WhiteElo "1592"]
[BlackElo "1754"]
[PlyCount "57"]
[EventDate "2011.07.19"]
[EventType "swiss"]
[EventRounds "9"]
[EventCountry "LTU"]
[SourceTitle "EXT 2012"]
[Source "ChessBase"]
[SourceDate "2011.11.24"]
[SourceVersion "1"]
[SourceVersionDate "2011.11.24"]
[SourceQuality "1"]

1. Nf3 g6 2. c4 Bg7 3. d4 d6 4. g3 Nc6 5. e4 e5 6. Be3 Bg4 7. d5 Nce7 8. Bg2 f5 9. Qa4+ Qd7 10. Qxd7+ Kxd7 11. Ng5 Nf6 12. h3 Bh5 13. Bd2 h6 14. Ne6 Bf8 15. f3 g5 16. exf5 Nxf5 17. g4 Ng3 18. gxh5 Nxh1 19. Bxh1 Nxh5 20. Nc3 a6 21. Ne4 Be7 22. 0-0-0 Rhg8 23. Rg1 Ng7 24. Nxg7 Rxg7 25. f4 exf4 26. Bf3 Bf8 27. Bc3 Rg6 28. Bh5 Rg8 29. Nf6+ 1-0

[Event "Gatwick e2e4 op-A"]
[Site "Gatwick"]
[Date "2011.06.18"]
[Round "2"]
[White "Higgs, Anthony"]
[Black "Ignatovic, Ernest"]
[Result "1-0"]
[WhiteElo "1976"]
[BlackElo "1570"]
[PlyCount "43"]
[EventDate "2011.06.17"]
[EventType "swiss"]
[EventRounds "5"]
[EventCountry "ENG"]
[SourceTitle "CBM 143 Extra"]
[Source "ChessBase"]
[SourceDate "2011.08.29"]
[SourceVersion "1"]
[SourceVersionDate "2011.08.29"]
[SourceQuality "1"]

1. e4 e6 2. d4 d5 3. Be3 dxe4 4. Nc3 Nf6 5. f3 exf3 6. Nxf3 Bb4 7. a3 Bxc3+ 8. bxc3 0-0 9. Bd3 b6 10. 0-0 Bb7 11. Bg5 Nbd7 12. Qe2 h6 13. Bh4 Qc8 14. Ne5 Nxe5 15. dxe5 Nd7 16. Rae1 Nc5 17. Qg4 Nxd3 18. Bf6 g6 19. cxd3 Qd7 20. Re3 Qc6 21. Rh3 Kh7 22. Rxh6+ 1-0

[Event "Sunningdale e2e4 op"]
[Site "Ascot"]
[Date "2011.05.29"]
[Round "4"]
[White "Ignatovic, Ernest"]
[Black "Green, Andrew"]
[Result "0-1"]
[WhiteElo "1570"]
[BlackElo "2135"]
[PlyCount "104"]
[EventDate "2011.05.27"]
[EventType "swiss"]
[EventRounds "7"]
[EventCountry "ENG"]
[SourceTitle "CBM 142 Extra"]
[Source "ChessBase"]
[SourceDate "2011.06.27"]
[SourceVersion "1"]
[SourceVersionDate "2011.06.27"]
[SourceQuality "1"]

1. Nf3 g6 2. c4 Bg7 3. g3 c5 4. Bg2 Nc6 5. 0-0 b6 6. e3 Bb7 7. d4 Nf6 8. d5 Na5 9. Nfd2 0-0 10. Nc3 d6 11. a3 e6 12. e4 Nd7 13. Rb1 Bxc3 14. bxc3 Ne5 15. Qe2 Nexc4 16. dxe6 fxe6 17. Qg4 Qe7 18. h4 Ba6 19. Nxc4 Nxc4 20. Bh6 Ne5 21. Bxf8 Rxf8 22. Qd1 Bxf1 23. Bxf1 Rf3 24. Rc1 Qf8 25. Rc2 Ng4 26. Qe1 Qf6 27. Bh3 Ne5 28. Bg2 Rd3 29. Qe2 Nf3+ 30. Kh1 c4 31. Bxf3 Qxf3+ 32. Qxf3 Rxf3 33. Kg2 Rd3 34. Kf1 h5 35. Ke2 Kg7 36. Rd2 Rxd2+ 37. Kxd2 Kf6 38. Ke3 e5 39. f4 Ke6 40. Kf3 d5 41. fxe5 Kxe5 42. exd5 Kxd5 43. Kf4 Ke6 44. Ke4 b5 45. Kf4 a6 46. Ke4 a5 47. Kd4 Kd6 48. Ke4 Kc5 49. Ke5 b4 50. Kf6 bxc3 51. Kxg6 c2 52. Kxh5 c1Q 0-1